00447nam a2200157 a 450000100060000000300090000600800410001504000280005608200160008410000200010024500530012026000380017330000090021150000400022065000290026012809CO-ViMGA141112s2004 ck r 000 u spa d aCO-ViMGAbspacCO-ViMGA04a336.86 I53f1 aInfante, Arturo10afunción y Naturaleza del Endeudamiento externo aBogotá : bTercer mundo, c1974 a77p. aCuadernos de ciencia Política . 14aDEUDA EXTERNA - COLOMBIA